| 000 | 01188cam a22003377a 4500 | ||
|---|---|---|---|
| 003 | CHAP | ||
| 005 | 20220329143516.0 | ||
| 008 | 100312s2008 mx a rs 00010 spa d | ||
| 010 | _a97733 | ||
| 011 | _a98705 | ||
| 022 | 0 | _a0187-490X | |
| 035 | _a109390 | ||
| 040 | _cCHAP | ||
| 082 | 0 | 4 |
_a338.20972 _bI5 2009 |
| 110 | 2 |
_aInstituto Nacional de Estadística, Geografía e Informática. México _959304 |
|
| 245 | 1 | 3 |
_aLa minería en México, 2009 _c/por INEGI |
| 260 |
_aAguascalientes, Ags. : _bINEGI, _cc2009 |
||
| 300 |
_axiv, 144 p. : _bcuadros, gráfs. |
||
| 490 | _aSerie de estadísticas sectoriales | ||
| 590 |
_aBATCH-UPD _b10 _c20130110 _lUCH01 _h1746 |
||
| 590 |
_aBATCH-UPD _b10 _c20130410 _lUCH01 _h1125 |
||
| 590 |
_aBATCH-UPD _b10 _c20130914 _lUCH01 _h1637 |
||
| 590 |
_aCONVERSION _b10 _c20130109 _lUCH01 _h1354 |
||
| 650 | 1 | 4 |
_aIndustrias mineras _xEstadísticas. _958016 |
| 650 | 1 | 4 |
_aIndustrias mineras _zMéxico. _958021 |
| 650 | 1 | 4 |
_aMinas y recursos minerales _xMéxico. _975914 |
| 830 |
_aSerie de estadísticas sectoriales _9104716 |
||
| 901 | _aBK | ||
| 942 | _cLIBRO | ||
| 949 |
_a338.20972 I5 2009 _bBC _cINEGI _d33724002052595 _eINEGI _gDonaciØn _h112023 _i109390 _sb |
||
| 999 |
_c97733 _d97733 |
||